| 000 | 00638nam a22002057a 4500 | ||
|---|---|---|---|
| 005 | 20260515115022.0 | ||
| 008 | 240520b |||||||| |||| 00| 0 eng d | ||
| 020 | _a9789384900069 | ||
| 040 |
_aIN-DiNC _cIN-DiNC |
||
| 041 | _deng | ||
| 082 |
_a011.75 _bSUM |
||
| 245 |
_aSummary of Doctoral theses/ _ced. by Basanta Mangal Dutta and Jayanta Boiragi |
||
| 250 | _bV. 10 | ||
| 260 |
_aGuwahati: _bAssam College Teachers Association, _c2024. |
||
| 300 | _a283p. | ||
| 650 | _aAbstract of the theses of the college teachers of Assam | ||
| 700 |
_aDutta, Basanta Mangal _eEditor |
||
| 700 |
_aBoiragi, Jayanta _eEditor |
||
| 942 |
_2ddc _cBK |
||
| 999 |
_c11807 _d11807 |
||